Influence of Metal Based Nanoparticles on Properties of Micro-Arc Calcium Phosphate Coatings; AIP Conference Proceedings; Vol. 2167 : Advanced Materials with Hierarchical Structure for New Technologies and Reliable Structures 2019 (AMHS'19)

Dades bibliogràfiques
Parent link:AIP Conference Proceedings
Vol. 2167 : Advanced Materials with Hierarchical Structure for New Technologies and Reliable Structures 2019 (AMHS'19).— 2019.— [020049, 4 p.]
Autor corporatiu: Национальный исследовательский Томский политехнический университет Исследовательская школа физики высокоэнергетических процессов
Altres autors: Chebodaeva V., Sedelnikova M., Bazhanova V., Lerner M., Pervikov A., Sharkeev Yu. P. Yury Petrovich
Sumari:Title screen
The influence of the zinc oxide (ZnO) nanoparticles on the properties of the biocoatings obtained by micro arc oxidation (MAO) method was investigated. Modification of calcium phosphate (CaP) coatings using ZnO nanoparticles was carried out by impregnation in the suspension with ZnO nanopowder and distilled water. The modified coatings deposited on titanium substrate under 200 V have X-amorphous state. X-ray reflexes relating to the crystalline phases of titanium and zinc oxides were observed. It was shown that increase of ultrasonic treatment duration of suspension with ZnO from 10 to 60 min leads to more uniform distribution of ZnO nanoparticles and decrease of zinc content in the coating from 2.8 to 1.5 at %.
Режим доступа: по договору с организацией-держателем ресурса
Idioma:anglès
Publicat: 2019
Matèries:
Accés en línia:https://doi.org/10.1063/1.5131916
Format: MixedMaterials Electrònic Capítol de llibre
KOHA link:https://koha.lib.tpu.ru/cgi-bin/koha/opac-detail.pl?biblionumber=661478

MARC

LEADER 00000naa2a2200000 4500
001 661478
005 20260209135928.0
035 |a (RuTPU)RU\TPU\network\32074 
035 |a RU\TPU\network\32072 
090 |a 661478 
100 |a 20191226d2019 k||y0rusy50 ba 
101 0 |a eng 
135 |a drcn ---uucaa 
181 0 |a i  
182 0 |a b 
200 1 |a Influence of Metal Based Nanoparticles on Properties of Micro-Arc Calcium Phosphate Coatings  |f V. Chebodaeva [et al.] 
203 |a Text  |c electronic 
300 |a Title screen 
320 |a [References: 7 tit.] 
330 |a The influence of the zinc oxide (ZnO) nanoparticles on the properties of the biocoatings obtained by micro arc oxidation (MAO) method was investigated. Modification of calcium phosphate (CaP) coatings using ZnO nanoparticles was carried out by impregnation in the suspension with ZnO nanopowder and distilled water. The modified coatings deposited on titanium substrate under 200 V have X-amorphous state. X-ray reflexes relating to the crystalline phases of titanium and zinc oxides were observed. It was shown that increase of ultrasonic treatment duration of suspension with ZnO from 10 to 60 min leads to more uniform distribution of ZnO nanoparticles and decrease of zinc content in the coating from 2.8 to 1.5 at %. 
333 |a Режим доступа: по договору с организацией-держателем ресурса 
461 1 |0 (RuTPU)RU\TPU\network\4816  |t AIP Conference Proceedings 
463 1 |0 (RuTPU)RU\TPU\network\31884  |t Vol. 2167 : Advanced Materials with Hierarchical Structure for New Technologies and Reliable Structures 2019 (AMHS'19)  |o Proceedings of the International Conference, 1–5 October 2019, Tomsk, Russia  |f National Research Tomsk Polytechnic University (TPU) ; Institute of Strength Physics and Materials Science SB RAS (Russia) ; eds. V. E. Panin ; S. G. Psakhie ; V. M. Fomin  |v [020049, 4 p.]  |d 2019 
610 1 |a электронный ресурс 
610 1 |a труды учёных ТПУ 
610 1 |a наночастицы 
610 1 |a металлы 
610 1 |a микродуговые покрытия 
610 1 |a оксид цинка 
610 1 |a биопокрытия 
610 1 |a окисление 
610 1 |a нанопорошки 
610 1 |a оксид титана 
701 1 |a Chebodaeva  |b V. 
701 1 |a Sedelnikova  |b M. 
701 1 |a Bazhanova  |b V. 
701 1 |a Lerner  |b M. 
701 1 |a Pervikov  |b A. 
701 1 |a Sharkeev  |b Yu. P.  |c physicist  |c Professor of Tomsk Polytechnic University, Doctor of physical and mathematical sciences  |f 1950-  |g Yury Petrovich  |3 (RuTPU)RU\TPU\pers\32228  |9 16228 
712 0 2 |a Национальный исследовательский Томский политехнический университет  |b Исследовательская школа физики высокоэнергетических процессов  |c (2017- )  |3 (RuTPU)RU\TPU\col\23551 
801 2 |a RU  |b 63413507  |c 20191226  |g RCR 
856 4 |u https://doi.org/10.1063/1.5131916 
942 |c CF